Transforming water management in South Africa : designing and implementing a new policy framework /

Bibliographic Details
Other Authors: Hassan, Rashid, Schreiner, Barbara
Format: eBook
Language:English
Published: Dordrecht ; New York : Springer, [2011]
Series:Global issues in water policy ; v.2.
Subjects:
Online Access:Connect to the full text of this electronic book

MARC

Tag First Indicator Second Indicator Subfields
LEADER 00000cam a2200000Ka 4500
001 in00002747310
005 20210728124540.0
006 m d
007 cr cnu---unuuu
008 111215s2011 ne ob 001 0 eng d
020 |a 9048193672 (electronic bk.) 
020 |a 9789048193677 (electronic bk.) 
020 |z 9048193664 
020 |z 9789048193660 
035 |a (OCoLC)768428324 
035 |a (OCoLC)ocn768428324 
035 |a 3956453 
040 |a GW5XE  |c GW5XE  |d E7B  |d UtOrBLW 
043 |a f-sa--- 
049 |a TXAC 
050 4 |a TD319.S6  |b T73 2011eb 
082 0 4 |a 363.6/1  |2 23 
245 0 0 |a Transforming water management in South Africa :  |b designing and implementing a new policy framework /  |c Barbara Schreiner, Rashid Hassan, editors. 
264 1 |a Dordrecht ;  |a New York :  |b Springer,  |c [2011] 
264 4 |c ©2011 
300 |a 1 online resource. 
336 |a text  |b txt  |2 rdacontent 
337 |a computer  |b c  |2 rdamedia 
338 |a online resource  |b cr  |2 rdacarrier 
490 1 |a Global issues in water policy ;  |v v. 2 
500 |a Electronic resource. 
504 |a Includes bibliographical references and index. 
505 0 |a The political, social and economic context of changing water policy in South Africa post-1994 / Barbara van Koppen, Barbara Schreiner, and Saliem Fakir -- Water resource situation, strategies and allocation regimes in South Africa / Johan van Rooyen, Marna de Lange, and Rashid Hassan -- Water services in South Africa, 1994-2009 / Kathy Eales -- Water, sanitation and wastewater management : some questions for national water security in South Africa / Kathy Eales -- Transforming legal access to water to redress social inequity and economic inefficiency / Gavin Quibell ... [et a.] -- Protecting aquatic ecosystem health for sustainable use / Harrison Pienaar, Antonia Belcher, and Dana F. Grobler -- Catchment management agencies : a case study of institutional reform in South Africa / Eiman Karar ... [et al.] -- National water security : planning and implementation / Chris Moseki, Toriso Tlou, and Cornelius Ruiters -- Pricing of water for cost recovery, economic efficiency and social equity / Mahomed Vawda, Nicola King, and Mike Muller -- Mainstreaming gender in water management in South Africa / Barbara van Koppen, Barbara Schreiner, and Eiman Karar -- The role of information systems management in the management of water / Mark Dent -- The Water Research Commission / Jayant Bhagwan -- Transboundary water management issues under the NWA and regional collaboration, policies and conventions / Reginald Tekateka -- Lessons and conclusions / Barbara Schreiner and Rashid Hassan. 
588 |a Description based on print version record. 
650 0 |a Water resources development  |z South Africa.  |0 http://id.loc.gov/authorities/subjects/sh85145628 
650 0 |a Water-supply  |x Government policy  |z South Africa. 
650 0 |a Water-supply  |z South Africa  |x Management. 
655 7 |a Electronic books.  |2 local 
700 1 |a Hassan, Rashid.  |0 http://id.loc.gov/authorities/names/no2011033651 
700 1 |a Schreiner, Barbara.  |0 http://id.loc.gov/authorities/names/n93012644 
776 0 8 |i Print version:  |t Transforming water management in South Africa.  |d Dordrecht ; New York : Springer, c2011  |z 9789048193660  |w (OCoLC)646114370 
830 0 |a Global issues in water policy ;  |v v.2.  |0 http://id.loc.gov/authorities/names/no2011007491 
856 4 0 |u http://proxy.library.tamu.edu/login?url=https://dx.doi.org/10.1007/978-90-481-9367-7  |z Connect to the full text of this electronic book  |t 0 
994 |a 92  |b TXA 
999 |a MARS 
999 f f |s 90b2f30d-e749-3ef5-acb9-985c241a063c  |i 0e05a883-1eee-37a5-a52e-4e7adf40cec5  |t 0 
952 f f |a Texas A&M University  |b College Station  |c Electronic Resources  |d Available Online  |t 0  |e TD319.S6 T73 2011eb  |h Library of Congress classification 
998 f f |a TD319.S6 T73 2011eb  |t 0  |l Available Online